000 01540cam a22003854i 4500
999 _c64538
_d64538
001 13479805
003 CO-MdFUSB
005 20180912104705.0
008 040204s2004 kyu g b 001 0 eng
010 _a 2004043018
020 _a0664227511 (alk. paper)
040 _aDLC
_cCO-MdFUSB
_dCO-MdFUSB
_bspa
_erda
041 _aeng
042 _apcc
082 0 0 _224
_aG 220.601
_bJ39s
100 1 _aJasper, David.
_eautor
245 0 2 _aA short introduction to hermeneutics
_c/ David Jasper.
250 _a1st ed.
260 _aLouisville, Kentucky :
_bWestminster John Knox Press,
_c℗2004
264 4 _c©2004
300 _axii, 148 páginas ;
_c22 cm.
336 _2rdacontent
_atexto
_btxt
337 _2rdamedia
_asin mediación
_bn
338 _2rdacarrier
_avolumen
_bnc
501 _aIncluye índice (páginas 142- 148)
504 _aBibliografía (páginas 139- 141)
505 _aTextos y lectores: leer y escribir -- Midrash, la Biblia y la Iglesia primitiva -- De la escolástica a la era de la ilustración -- Friedrich Schleiermacher y la era del romanticismo -- El siglo XIX -- El siglo XX -- Variedades de hermenéutica posmoderna
630 0 7 _aBiblia
_xCrítica, interpretación, etc.
650 7 _9418
_aHermenéutica
906 _a7
_bcbc
_corignew
_d1
_eocip
_f20
_gy-gencatlg
942 _cBK